| 000 | 00892cad a22002175a 4500 | ||
|---|---|---|---|
| 001 | L155906 | ||
| 008 | 120420s2012 xxk f 000 0 eng d | ||
| 035 | _a(Sirsi) u155906 | ||
| 041 | 0 | _aeng | |
| 110 | 2 |
_aSavills _92020 |
|
| 245 | 0 | 0 |
_aUK residential development land _h[electronic resource] |
| 260 |
_a[S.l.] _bSavills _c2012 |
||
| 490 | 0 |
_aSavills Research Residential Market in Minutes UK Residential Development Land _vApril 2012 |
|
| 520 | _aRecapitalised housebuilders are fuelling transactional activity, leading to some value growth, particularly in the South East and other high turnover locations. | ||
| 590 | _aKA | ||
| 651 | 4 |
_aUnited Kingdom _y |
|
| 690 |
_aLand use _96251 |
||
| 690 |
_aPlanning and development _96259 |
||
| 856 | 4 | 0 |
_uhttps://www.savills.co.uk/research/residential-research.aspx _zView the report after free registration at www.savills.co.uk |
| 942 | _n0 | ||
| 999 |
_c113909 _d113909 |
||